00412nam a2200145Ia 4500008004100000041000900041082001700050100001600067245001700083260003900100300000800139650000800147999001700155952009400172230718s9999 xx 000 0 und d aEng. a34603bKAP-L aKapoor, S.K 0aLaw of tests aPakistanbManzoor book housec2004 a250 aLaw c28122d28122 00104070aSIRC-LbSIRC-Ld2023-07-18l0o34603 KAP-Lp23074r2023-07-18w2023-07-18yBK